Statistics for Top 41 Biggest Cities in Vermont

Click here to take the quiz!

General Stats

  • This quiz has been taken 369 times
    (232 since last reset)
  • The average score is 7 of 41

Answer Stats

#CityPopulation% Correct
1Burlington42,819
92%
6Montpelier7,372
85%
2South Burlington19,509
63%
3Rutland15,074
61%
4Essex10,852
55%
5Barre8,528
40%
8St. Albans6,801
37%
7Winooski7,333
30%
9Newport4,257
27%
23Manchester711
25%
19Woodstock858
19%
11Vergennes2,583
15%
20Ludlow769
13%
12Swanton2,375
13%
10Bellows Falls2,965
11%
16Johnson1,507
10%
18Lyndonville1,165
10%
24Barton643
9%
36Cambridge245
9%
13Morrisville2,073
9%
15Poultney1,549
9%
30Hyde Park479
8%
21Jeffersonville768
8%
22Orleans725
8%
29Alburgh530
7%
25Derby Line624
7%
17Enosburg Falls1,283
7%
14North Bennington1,697
7%
41Newfane111
6%
38Albany189
5%
27Derby Center549
5%
35Marshfield250
5%
34Westminster269
5%
37Jacksonville206
4%
39Old Bennington131
4%
28Saxtons River539
4%
32Newbury355
3%
26North Troy573
3%
40Perkinsville123
3%
31Wells River383
2%
33West Burke328
2%

Score Distribution

Percentile by Number Answered

Percent of People with Each Score

Your Score History

You have not taken this quiz since the last reset